000 00359 a2200169 4500
001 190983
020 _a978-85-06-06695-9
040 _cMagnum
100 _aRiter, Caio
240 1 0 _aUm na estrada
_lpor
245 1 0 _aUm na estrada
300 _a125
362 0 _a2011
440 1 _aMelhoramentos
697 _aLITERATURA INFANTO-JUVENIL
942 _cBK
999 _c190983
_d190983